[Event "Liptovsky Mikulas V4 U11 op"]
[Site "Liptovsky Mikulas"]
[Date "2017.06.25"]
[Round "8"]
[White "Vinarskaia, Marta"]
[Black "Jurtik, Adam"]
[Result "0-1"]
[WhiteElo "1000"]
[BlackElo "1000"]
[PlyCount "56"]
[EventDate "2017.06.22"]
[EventType "swiss"]
[EventRounds "9"]
[EventCountry "SVK"]
[SourceTitle "CBM 179 Extra"]
[Source "ChessBase"]
[SourceDate "2017.08.23"]
[SourceVersion "1"]
[SourceVersionDate "2017.08.23"]
[SourceQuality "1"]

1. e4 e5 2. Nf3 Nf6 3. Nc3 Bc5 4. Nh4 d5 5. Bb5+ Nc6 6. 0-0 Bg4 7. Qe1 0-0 8. Kh1 Nh5 9. Nf3 Bxf3 10. gxf3 d4 11. Na4 Qh4 12. Rg1 Rfe8 13. Qf1 Re6 14. Rg4 Qf6 15. Qg1 Qxf3+ 16. Rg2 Qxe4 17. Nxc5 Qd5 18. d3 Qxc5 19. Bh6 Rxh6 20. Bc4 Ne7 21. Rg3 Nf5 22. Rf3 Qc6 23. a4 Qxf3+ 24. Qg2 Qf4 25. Ba6 Nh4 26. Qxb7 Rf8 27. Rg1 Nf3 28. Qe4 Qxh2# 0-1

[Event "Liptovsky Mikulas V4 U11 op"]
[Site "Liptovsky Mikulas"]
[Date "2017.06.24"]
[Round "7"]
[White "Jurtik, Adam"]
[Black "Melnikov, Ivan"]
[Result "1-0"]
[WhiteElo "1000"]
[BlackElo "1100"]
[PlyCount "43"]
[EventDate "2017.06.22"]
[EventType "swiss"]
[EventRounds "9"]
[EventCountry "SVK"]
[SourceTitle "CBM 179 Extra"]
[Source "ChessBase"]
[SourceDate "2017.08.23"]
[SourceVersion "1"]
[SourceVersionDate "2017.08.23"]
[SourceQuality "1"]

1. e4 d5 2. e5 c5 3. Bb5+ Bd7 4. Qe2 g6 5. Qd3 c4 6. Bxc4 dxc4 7. Qxc4 Nc6 8. Nf3 f6 9. 0-0 fxe5 10. Ng5 e6 11. Qg4 Be7 12. d3 Nf6 13. Qh4 Nd5 14. Qh6 Qc7 15. Qg7 0-0-0 16. Qh6 Ncb4 17. d4 Qc6 18. c4 Nf4 19. Bxf4 exf4 20. Nf7 Bf8 21. Qg5 h6 22. Qxd8# 1-0